000 00771cam a22002413a 4500
001 16938
003 PGUSA
005 20140828083348.0
008 051025s2005||||xxu|||||s|||||000 | eng d
040 _aPGUSA
_beng
042 _adc
050 4 _aTA
100 1 _aMeem, J. C.
245 1 0 _aPressure, Resistance, and Stability of Earth :
_bAmerican Society of Civil Engineers: Transactions, Paper No. 1174, Volume LXX, December 1910
_h[electronic resource] /
_cJ. C. Meem
260 _bProject Gutenberg,
_c2005
506 _aPublic domain in the USA.
516 _aElectronic text
653 _aSoil mechanics
653 _aCivil engineering -- Periodicals
830 0 _aProject Gutenberg
_v16938
856 4 0 _uhttp://www.gutenberg.org/ebooks/16938
942 _cEB
999 _c246193
_d246193